[Event "Gorges - Open A"]
[Site "?"]
[Date "2017.07.08"]
[Round "1"]
[White "EUGENE, Floryan"]
[Black "ALASHTAR, Aasef"]
[Result "1-0"]
[WhiteElo "2193"]
[BlackElo "1931"]
[PlyCount "84"]
[EventDate "2017.??.??"]

1. e4 a6 2. d4 b5 3. c4 b4 4. Be3 Bb7 5. Nd2 e6 6. d5 d6 7. Qa4+ Nd7 8. Qxb4
Qc8 9. Ngf3 Ngf6 10. h3 c5 11. Qa4 Be7 12. Be2 O-O 13. O-O Ne5 14. Nxe5 dxe5
15. Bf3 Qc7 16. Rfd1 Rfd8 17. Rac1 Bc8 18. Nb3 a5 19. Qc6 Qb8 20. Nxc5 Bxc5 21.
Qxc5 Qxb2 22. Qb6 Qxb6 23. Bxb6 Re8 24. c5 exd5 25. exd5 e4 26. Be2 Re5 27. d6
Nd5 28. Bc4 Nxb6 29. cxb6 Bd7 30. Bd5 Rb8 31. Rc7 Ba4 32. d7 Bxd7 33. Rxd7 e3
34. fxe3 h6 35. b7 h5 36. Rc1 h4 37. Rc8+ Re8 38. Bxf7+ Kh7 39. Bxe8 a4 40.
Rxb8 a3 41. Rc8 Kh6 42. Rc6+ Kg5 1-0

[Event "Gorges - Open A"]
[Site "?"]
[Date "2017.07.08"]
[Round "1"]
[White "REED, John"]
[Black "CROUAN, Stéphane"]
[Result "0-1"]
[WhiteElo "1893"]
[BlackElo "2172"]
[PlyCount "58"]
[EventDate "2017.??.??"]

1. d4 Nf6 2. c4 g6 3. Nc3 Bg7 4. e4 O-O 5. f4 d6 6. Nf3 c5 7. d5 e6 8. Be2 exd5
9. cxd5 Bg4 10. O-O Na6 11. e5 Ne8 12. e6 fxe6 13. Ng5 Bxe2 14. Qxe2 Nac7 15.
dxe6 Qe7 16. Re1 d5 17. Bd2 Rf6 18. Qg4 h6 19. Nf3 d4 20. Ne4 Rxe6 21. f5 gxf5
22. Qxf5 b6 23. Ng3 Qf7 24. Qh3 Nd6 25. Nh5 Rae8 26. Nxg7 Qxg7 27. Rf1 Ne4 28.
Be1 Nd5 29. Bf2 Nf4 0-1

[Event "Gorges - Open A"]
[Site "?"]
[Date "2017.07.08"]
[Round "?"]
[White "BOURDEAUX, Gabin"]
[Black "FLACHET, Thieery"]
[Result "1-0"]
[WhiteElo "1868"]
[BlackElo "2128"]
[Annotator ",clffg"]
[PlyCount "61"]

1. e4 e6 2. Qe2 Be7 3. Nf3 d5 4. d3 Nf6 5. g3 b5 6. Bg2 Bb7 7. Nbd2 b4 8. O-O
c5 9. Re1 Nc6 10. h4 h6 11. exd5 Nxd5 12. Nc4 O-O 13. Nfe5 Nxe5 14. Nxe5 Bf6
15. Qg4 Qc7 16. Bxd5 exd5 17. Nd7 Bd4 18. Nxf8 Kxf8 19. Bf4 Qc6 20. Be5 Bxe5
21. Rxe5 d4 22. f3 Rc8 23. Rae1 Kg8 24. Qe4 Qc7 25. Re8+ Rxe8 26. Qxe8+ Kh7 27.
Qe5 Qc8 28. Qf4 Bd5 29. Re5 Be6 30. Qe4+ g6 31. h5 1-0

[Event "Gorges - Open A"]
[Site "?"]
[Date "2017.07.08"]
[Round "1"]
[White "LE PEN, Steven"]
[Black "BANANA, Adnane"]
[Result "1-0"]
[WhiteElo "2063"]
[BlackElo "1866"]
[PlyCount "85"]

1. e4 c5 2. Nf3 d6 3. d4 cxd4 4. Nxd4 Nf6 5. Nc3 a6 6. Be3 e5 7. Nb3 Be6 8. f3
Be7 9. Qd2 h5 10. O-O-O Nbd7 11. Qf2 b5 12. h3 h4 13. g4 hxg3 14. Qxg3 Nh5 15.
Qg1 Rc8 16. Bd3 Bf6 17. Nd5 Bxd5 18. exd5 Nf4 19. Bxf4 exf4 20. Bf5 g6 21.
Bxd7+ Qxd7 22. Qg4 Qc7 23. Rhe1+ Kf8 24. Rd2 Rh4 25. Qg2 Kg7 26. Nd4 Bxd4 27.
Rxd4 Rch8 28. a3 Rxh3 29. c3 Rg3 30. Qe2 g5 31. a4 Qc5 32. axb5 axb5 33. Qe7
Rc8 34. Kb1 Rc7 35. Qe4 Rh3 36. Qf5 Rh5 37. Rxf4 gxf4 38. Qxh5 Rc8 39. Qg5+ Kf8
40. Qh6+ Kg8 41. Rh1 f5 42. Qg6+ Kf8 43. Rh8+ 1-0

[Event "Gorges - Open A"]
[Site "?"]
[Date "2017.07.08"]
[Round "1"]
[White "BLANLOEIL, Christophe"]
[Black "GRIMAULT, Nathan"]
[Result "0-1"]
[WhiteElo "1722"]
[BlackElo "2055"]
[PlyCount "92"]

1. d4 Nf6 2. Nf3 g6 3. c4 Bg7 4. Nc3 O-O 5. e4 d6 6. Be2 e5 7. d5 a5 8. O-O Na6
9. h3 Nc5 10. Qc2 Qe8 11. Be3 Nh5 12. Nb5 Qe7 13. Rad1 Nf4 14. Bxf4 exf4 15.
Bd3 h5 16. a3 a4 17. Rfe1 Be5 18. Nbd4 f6 19. Nxe5 fxe5 20. Nf3 g5 21. Qe2 g4
22. hxg4 hxg4 23. Nh2 Qh4 24. Bc2 f3 25. Qe3 fxg2 26. Kxg2 Rf4 27. Qg3 Qg5 28.
Re3 b6 29. Kh1 Ba6 30. Nf3 Qh5+ 31. Nh4 Raf8 32. Rd2 Rf3 33. Qh2 g3 34. Nxf3
gxh2 35. Nxh2 Rf4 36. Rg3+ Kf8 37. f3 Qh4 38. Rdg2 Bxc4 39. Rg8+ Ke7 40. R8g7+
Rf7 41. R7g4 Qh6 42. Rg1 Rh7 43. R4g2 Bd3 44. Bd1 Nxe4 45. fxe4 Bxe4 46. Bf3
Bxf3 0-1

[Event "Gorges - Open A"]
[Site "?"]
[Date "2017.07.08"]
[Round "1"]
[White "MURIE, Eric"]
[Black "CAMUS, Harold"]
[Result "1-0"]
[WhiteElo "2000"]
[BlackElo "1680"]
[PlyCount "73"]

1. e4 e5 2. Nf3 Nc6 3. Bc4 Be7 4. c3 Nf6 5. d3 O-O 6. O-O h6 7. Re1 d6 8. h3
Be6 9. Bxe6 fxe6 10. Qb3 Qc8 11. d4 Kh8 12. Nbd2 g5 13. dxe5 dxe5 14. Nc4 Bd6
15. a4 Kh7 16. Qc2 Qe8 17. b4 a6 18. Bb2 g4 19. hxg4 Nxg4 20. Ne3 Qh5 21. Nxg4
Qxg4 22. Nh2 Qg6 23. Re3 Rf4 24. Rae1 Raf8 25. Rg3 Qh5 26. Nf3 Rg4 27. Rxg4
Qxg4 28. Nh2 Qh4 29. Re3 a5 30. Bc1 Rf6 31. Rh3 Nxb4 32. cxb4 Rxf2 33. Qxf2
Qxf2+ 34. Kxf2 Bf8 35. b5 c6 36. bxc6 bxc6 37. Rg3 1-0

[Event "Gorges - Open A"]
[Site "?"]
[Date "2017.07.08"]
[Round "1"]
[White "DELAFENETRE, Alexandre"]
[Black "ENGLISCH, Colya"]
[Result "1/2-1/2"]
[WhiteElo "1666"]
[BlackElo "1995"]
[PlyCount "67"]

1. d4 d6 2. c4 g6 3. Nc3 Bg7 4. e4 Nf6 5. Bd3 O-O 6. Nge2 c5 7. d5 e6 8. O-O
exd5 9. cxd5 Na6 10. a3 Nc7 11. f4 Bg4 12. h3 Bxe2 13. Qxe2 a6 14. Bd2 b5 15.
b4 Nh5 16. Qf3 Bd4+ 17. Kh1 c4 18. Bc2 Qh4 19. Be1 Qe7 20. Rd1 Bh8 21. Ne2 Rad8
22. Nd4 Bxd4 23. Rxd4 Ng7 24. Bc3 f6 25. Re1 Qf7 26. Rd2 Rde8 27. Red1 Na8 28.
g3 Nb6 29. Qf2 Nd7 30. Re1 Re7 31. Qd4 Rfe8 32. g4 h5 33. Rg1 h4 34. Rf2
1/2-1/2

[Event "Gorges - Open A"]
[Site "?"]
[Date "2017.07.08"]
[Round "?"]
[White "MUNKHBAYAR, Janjaadorj"]
[Black "BETHYS, Fred"]
[Result "1-0"]
[WhiteElo "1993"]
[BlackElo "1660"]
[PlyCount "47"]

1. d4 Nf6 2. c4 e5 3. dxe5 Ng4 4. Qd4 d6 5. exd6 Bxd6 6. Nc3 Nc6 7. Qxg7 Be5 8.
Qg5 Qd6 9. Qd2 Bxh2 10. Nf3 Bg3 11. Ne4 Bxf2+ 12. Nxf2 Qg3 13. e4 Be6 14. Rh3
Qxf2+ 15. Qxf2 Nxf2 16. Kxf2 Bxh3 17. gxh3 O-O-O 18. Bd2 Rd7 19. h4 Kb8 20. h5
Rhd8 21. Bc3 Re8 22. Bh3 Rdd8 23. Bf5 h6 24. Ke2 1-0

[Event "Gorges - Open A"]
[Site "?"]
[Date "2017.07.08"]
[Round "?"]
[White "GILLES, François"]
[Black "MIRAOUI, Karim"]
[Result "0-1"]
[WhiteElo "1592"]
[BlackElo "1968"]
[PlyCount "54"]

1. d4 Nf6 2. c4 e6 3. Nc3 Bb4 4. e3 b6 5. Bd3 Bb7 6. Nf3 O-O 7. O-O c5 8. a3
Bxc3 9. bxc3 d6 10. Re1 Ne4 11. Qc2 f5 12. Nd2 Qh4 13. g3 Qf6 14. Nxe4 Bxe4 15.
Bxe4 fxe4 16. Rf1 Qf5 17. Bb2 Nc6 18. Rad1 Na5 19. Qe2 Rf6 20. d5 e5 21. Rd2
Raf8 22. Bc1 Qh3 23. Rb2 Rf3 24. Rd1 R8f6 25. Qf1 Qf5 26. Rdd2 h5 27. h4 Rxg3+
0-1

[Event "Gorges - Open A"]
[Site "?"]
[Date "2017.07.08"]
[Round "2"]
[White "MURIE, Eric"]
[Black "EUGENE, Floryan"]
[Result "0-1"]
[WhiteElo "2000"]
[BlackElo "2193"]
[PlyCount "52"]
[EventDate "2017.??.??"]

1. e4 e5 2. Nf3 Nc6 3. Bc4 Bc5 4. O-O Nf6 5. d4 Bxd4 6. Nxd4 Nxd4 7. f4 d6 8.
fxe5 dxe5 9. Bg5 Be6 10. Nd2 Qe7 11. Bxe6 Nxe6 12. Bxf6 gxf6 13. Nb3 Rg8 14.
Qe1 Nf4 15. g3 O-O-O 16. Kh1 Nh3 17. Qe3 Kb8 18. Qh6 Ng5 19. Qxf6 Qe8 20. Rad1
Rxd1 21. Rxd1 Nxe4 22. Qf3 Qc6 23. Kg1 f5 24. Qxf5 Nxg3 25. Qxh7 Qh1+ 26. Kf2
Rf8+ 0-1

[Event "Gorges - Open A"]
[Site "?"]
[Date "2017.07.08"]
[Round "2"]
[White "CROUAN, Stéphane"]
[Black "MUNKHBAYAR, Janjaadorj"]
[Result "1-0"]
[WhiteElo "2172"]
[BlackElo "1993"]
[PlyCount "69"]

1. c4 Nf6 2. Nc3 c5 3. g3 g6 4. Bg2 Bg7 5. d3 Nc6 6. e4 d6 7. Nge2 e5 8. Rb1
O-O 9. a3 Nd4 10. O-O Be6 11. b4 Qd7 12. f4 cxb4 13. axb4 Bg4 14. Qd2 Nh5 15.
Nxd4 exd4 16. Nd5 f5 17. Bb2 Rae8 18. Rfe1 Nf6 19. h3 Bh5 20. e5 dxe5 21. fxe5
Nxd5 22. Bxd5+ Kh8 23. Bxd4 b6 24. b5 Qc7 25. Qb4 g5 26. Ba1 g4 27. Bc6 gxh3
28. Bxe8 Rxe8 29. Qd6 Qb7 30. Qc6 Qe7 31. e6 Bxa1 32. Rxa1 Qg7 33. Qd6 Qb2 34.
Qe5+ Qxe5 35. Rxe5 1-0

[Event "Gorges - Open A"]
[Site "?"]
[Date "2017.07.08"]
[Round "2"]
[White "MIRAOUI, Karim"]
[Black "LE PEN, Steven"]
[Result "1-0"]
[WhiteElo "1968"]
[BlackElo "2063"]
[PlyCount "95"]

1. b3 c5 2. Bb2 Nc6 3. f4 d6 4. g3 e5 5. fxe5 dxe5 6. Bg2 Bd6 7. d3 Nge7 8. Nf3
O-O 9. e3 Bg4 10. O-O Qd7 11. Nbd2 f5 12. Nc4 Rad8 13. Nxd6 Qxd6 14. Qe1 h6 15.
a3 b6 16. Nd2 Qe6 17. h3 Bh5 18. e4 f4 19. gxf4 exf4 20. Qh4 Qf7 21. Bf3 Bg6
22. Rf2 Nd4 23. Bxd4 Rxd4 24. Rg2 Qf6 25. Qe1 Nc6 26. Nc4 Re8 27. Rd1 Bf7 28.
Kh2 Kh7 29. Qf2 b5 30. Nd2 Red8 31. Rdg1 g6 32. Be2 Ne5 33. Nf3 Nxf3+ 34. Qxf3
Qe5 35. Kh1 R4d6 36. Qg4 Ra6 37. Qh4 Rdd6 38. Rg5 Qf6 39. e5 Bd5+ 40. Kh2 Qxg5
41. Rxg5 Re6 42. Rg1 Rxe5 43. Bd1 g5 44. Qg4 Be6 45. Qf3 Rxa3 46. Qc6 Re3 47.
Bg4 Bxg4 48. hxg4 1-0

[Event "Gorges - Open A"]
[Site "?"]
[Date "2017.07.08"]
[Round "2"]
[White "GRIMAULT, Nathan"]
[Black "BOURDEAUX, Gabin"]
[Result "0-1"]
[WhiteElo "2055"]
[BlackElo "1868"]
[PlyCount "42"]

1. d4 Nf6 2. c4 g6 3. Nc3 Bg7 4. e4 d6 5. Nf3 O-O 6. Be2 e5 7. dxe5 dxe5 8. O-O
Nbd7 9. Qc2 c6 10. Rd1 Qe7 11. b3 Rd8 12. a4 Nf8 13. Ba3 Qc7 14. Rxd8 Qxd8 15.
Rd1 Qb6 16. Bd6 Be6 17. Bxe5 Ng4 18. Bd4 Bxd4 19. Nxd4 Rd8 20. Nxe6 Qxf2+ 21.
Kh1 Ne3 0-1

[Event "Gorges - Open A"]
[Site "?"]
[Date "2017.07.08"]
[Round "2"]
[White "ENGLISCH, Colya"]
[Black "CHABRADZE, Boris"]
[Result "0-1"]
[WhiteElo "1995"]
[BlackElo "2150"]
[PlyCount "80"]

1. d4 Nf6 2. Nf3 d6 3. g3 Bf5 4. Bg2 Nc6 5. O-O g6 6. c4 Bg7 7. Nc3 Ne4 8. Nh4
Nxc3 9. bxc3 Bd7 10. e4 e5 11. Be3 Na5 12. Qe2 b6 13. Rab1 c5 14. Rfd1 Qc7 15.
d5 O-O 16. Nf3 Bc8 17. Rdc1 Ba6 18. Nd2 f5 19. f4 Rae8 20. Qd3 Qd7 21. fxe5
fxe4 22. Bxe4 Bxe5 23. Bh6 Bg7 24. Bxg7 Qxg7 25. Rf1 Qe5 26. Rxf8+ Rxf8 27. Rf1
Rxf1+ 28. Kxf1 Kg7 29. Kg2 Qe8 30. Qe2 Bc8 31. Qf3 Qf7 32. Qe3 Ba6 33. Bd3 Nxc4
34. Nxc4 Qxd5+ 35. Qf3 Bxc4 36. Be4 Qd2+ 37. Kg1 Qe1+ 38. Kg2 Bf1+ 39. Qxf1
Qxe4+ 40. Kg1 Qe3+ 0-1

[Event "Gorges - Open A"]
[Site "?"]
[Date "2017.07.08"]
[Round "2"]
[White "CLERAN, Anthony"]
[Black "DELAFENETRE, Alexandre"]
[Result "1/2-1/2"]
[WhiteElo "1875"]
[BlackElo "1666"]
[PlyCount "77"]

1. e4 c5 2. Nc3 d6 3. f4 g6 4. Nf3 Bg7 5. Bb5+ Bd7 6. Bxd7+ Qxd7 7. d4 cxd4 8.
Nxd4 Nc6 9. Be3 Nf6 10. h3 O-O 11. O-O Rac8 12. Nf3 b6 13. Qd2 Na5 14. Bd4 Nc4
15. Qc1 Qc6 16. Bxf6 Bxf6 17. Nd5 Qc5+ 18. Kh2 Bxb2 19. Qe1 Rce8 20. Qh4 f6 21.
Rab1 e6 22. f5 exd5 23. fxg6 Qc7 24. exd5 hxg6 25. Qg4 Be5+ 26. g3 Kg7 27. Nh4
g5 28. Nf5+ Kg6 29. Nh4+ Kg7 30. Nf5+ Kh8 31. h4 gxh4 32. Rh1 Rf7 33. Qh5+ Kg8
34. Kg2 Ne3+ 35. Nxe3 Bxg3 36. Qg6+ Kh8 37. Qxg3 Rg7 38. Rxh4+ Kg8 39. Ng4
1/2-1/2

[Event "Gorges - Open A"]
[Site "?"]
[Date "2017.07.08"]
[Round "2"]
[White "FLACHET, Thierry"]
[Black "BLANLOEIL, Christophe"]
[Result "1-0"]
[WhiteElo "2128"]
[BlackElo "1722"]
[PlyCount "83"]

1. Nf3 f5 2. c4 Nf6 3. g3 g6 4. Bg2 Bg7 5. O-O O-O 6. Nc3 d6 7. d4 c6 8. d5 Qe8
9. Be3 h6 10. Qd2 g5 11. c5 dxc5 12. Bxc5 Na6 13. Be3 cxd5 14. Nxd5 Ne4 15. Qc2
e5 16. Nd2 Nxd2 17. Bxd2 f4 18. Be4 Be6 19. Nc7 Nxc7 20. Qxc7 Rf7 21. Qa5 Rd7
22. Bc3 Bc4 23. Rfe1 Ba6 24. Rac1 Rad8 25. b4 Rd6 26. a4 b5 27. axb5 Qxb5 28.
Qa2+ Kh8 29. Qf7 Rf8 30. Qxa7 fxg3 31. hxg3 Rdf6 32. Qc5 Rxf2 33. Qxb5 Bxb5 34.
Bf3 R2xf3 35. exf3 Rxf3 36. Bxe5 Rf7 37. Rc5 Rb7 38. Rc7 Bxe5 39. Rxb7 Bd4+ 40.
Kh2 Bc6 41. Rc7 Bb5 42. Ree7 1-0

[Event "Gorges - Open A"]
[Site "?"]
[Date "2017.07.08"]
[Round "?"]
[White "ALASHTAR, Aasef"]
[Black "GILLES, François"]
[Result "1-0"]
[WhiteElo "1931"]
[BlackElo "1592"]
[PlyCount "49"]
[EventDate "2017.??.??"]

1. a4 Nf6 2. a5 b6 3. Nf3 Bb7 4. e3 g6 5. d4 Bg7 6. Be2 O-O 7. O-O e6 8. c4 d6
9. Nc3 a6 10. axb6 cxb6 11. b4 Nbd7 12. b5 a5 13. Ba3 Qc7 14. Rc1 Rac8 15. Qd3
Rfd8 16. Rfd1 Qb8 17. e4 e5 18. Nd5 Bxd5 19. cxd5 Nh5 20. g3 exd4 21. Nxd4 Bxd4
22. Qxd4 Ng7 23. Rc6 Rxc6 24. dxc6 Nc5 25. Bxc5 1-0

[Event "Gorges - Open A"]
[Site "?"]
[Date "2017.07.08"]
[Round "2"]
[White "BANANA, Adnane"]
[Black "HENRY, Florent"]
[Result "0-1"]
[WhiteElo "1866"]
[BlackElo "1931"]
[PlyCount "80"]

1. e4 c6 2. d4 d5 3. exd5 cxd5 4. c4 Nf6 5. Nc3 Nc6 6. Nf3 g6 7. a3 Bg7 8. c5
O-O 9. Be2 Ne4 10. O-O e5 11. Nxe4 dxe4 12. Nxe5 Nxe5 13. dxe5 Bxe5 14. Qc2 Bf5
15. Be3 Qf6 16. Rab1 a5 17. h3 Qh4 18. Qc1 f6 19. Qc4+ Kh8 20. f4 Qg3 21. fxe5
Qxe3+ 22. Kh1 fxe5 23. Rbe1 Qd4 24. Qb5 Qd7 25. c6 bxc6 26. Qxe5+ Qg7 27. Qxg7+
Kxg7 28. Bc4 h5 29. Kh2 Rad8 30. Rf2 Rd4 31. Bb3 Rb8 32. Re3 Rd3 33. Rxd3 exd3
34. Bc4 Rd8 35. Rd2 Kf6 36. g4 hxg4 37. hxg4 Be4 38. Kg3 Ke5 39. Kh4 Kf4 40.
Rf2+ Bf3 0-1

[Event "Gorges - Open A"]
[Site "?"]
[Date "2017.07.08"]
[Round "2"]
[White "CAMUS, Harold"]
[Black "REED, John"]
[Result "0-1"]
[WhiteElo "1680"]
[BlackElo "1893"]
[PlyCount "96"]

1. e4 e5 2. Nf3 Nc6 3. Bc4 Nf6 4. O-O Nxe4 5. Re1 d5 6. Bb5 Bc5 7. d4 exd4 8.
Nxd4 O-O 9. Bxc6 Nxf2 10. Kxf2 Qf6+ 11. Kg1 Qxd4+ 12. Kh1 Qxd1 13. Rxd1 bxc6
14. c4 Bg4 15. Rd3 Be2 16. Rg3 Bd6 17. Rc3 Bxc4 18. Na3 Rfe8 19. Bd2 Be5 20.
Nxc4 Bxc3 21. Bxc3 dxc4 22. Rc1 a5 23. a4 f6 24. Kg1 Kf7 25. Bd4 Rad8 26. Bc3
Rd5 27. Kf2 g6 28. g4 f5 29. g5 Re4 30. Rh1 Rf4+ 31. Ke3 Rg4 32. h4 Ke6 33. Rh2
Kd6 34. Rh1 Rd3+ 35. Kf2 Rd5 36. Rh2 Ke6 37. Kf3 Rd3+ 38. Kf2 Rxc3 39. bxc3 f4
40. Rh3 Kf5 41. Kf3 Rg3+ 42. Rxg3 fxg3 43. Kxg3 Ke4 44. Kg4 Kd3 45. h5 Kxc3 46.
hxg6 hxg6 47. Kf4 Kd4 48. Kf3 Kd3 0-1

[Event "Gorges - Open A"]
[Site "?"]
[Date "2017.07.08"]
[Round "?"]
[White "EUGENE, Floryan"]
[Black "MIRAOUI, Karim"]
[Result "1-0"]
[WhiteElo "2193"]
[BlackElo "1968"]
[PlyCount "39"]

1. e4 c5 2. Nf3 d6 3. d4 cxd4 4. Nxd4 Nf6 5. Nc3 a6 6. Bc4 e6 7. Bb3 Be7 8. O-O
O-O 9. f4 Qc7 10. f5 e5 11. Nde2 h6 12. Nd5 Nxd5 13. Bxd5 Nd7 14. Ng3 Nf6 15.
Nh5 Qc5+ 16. Kh1 Rb8 17. Nxf6+ Bxf6 18. Qh5 Qc7 19. Bxh6 gxh6 20. Qg6+ 1-0

[Event "Gorges - Open A"]
[Site "?"]
[Date "2017.07.08"]
[Round "?"]
[White "BOURDEAUX, Gabin"]
[Black "CROUAN, Stéphane"]
[Result "0-1"]
[WhiteElo "1868"]
[BlackElo "2172"]
[PlyCount "90"]

1. e4 d6 2. d4 Nf6 3. Nc3 g6 4. f3 a6 5. Be3 b5 6. Qd2 Nbd7 7. e5 dxe5 8. dxe5
Nxe5 9. Qxd8+ Kxd8 10. O-O-O+ Ned7 11. Bd4 Bh6+ 12. Kb1 Bb7 13. Ne4 Nxe4 14.
fxe4 Re8 15. e5 Kc8 16. b4 e6 17. Nh3 Bd5 18. Rg1 Kb7 19. g4 Rad8 20. c3 Be4+
21. Kb2 c5 22. bxc5 Nxc5 23. Bg2 Na4+ 24. Kb3 Bxg2 25. Rxg2 f5 26. g5 Bf8 27.
Rgd2 Be7 28. Bf2 Kc6 29. Nf4 Bxg5 30. Rxd8 Rxd8 31. Rxd8 Bxd8 32. Nxe6 Be7 33.
Nd4+ Kb7 34. Kc2 Nc5 35. Be3 Kc7 36. c4 b4 37. Nb3 Ne6 38. Nd4 Nxd4+ 39. Bxd4
Kc6 40. Be3 g5 41. Kd3 h6 42. h4 a5 43. h5 a4 44. c5 Bxc5 45. Bxg5 hxg5 0-1

[Event "Gorges - Open A"]
[Site "?"]
[Date "2017.07.08"]
[Round "3"]
[White "CHABRADZE, Boris"]
[Black "FLACHET, Thierry"]
[Result "0-1"]
[WhiteElo "2150"]
[BlackElo "2128"]
[PlyCount "64"]

1. e4 e6 2. Nc3 d5 3. Nf3 Nf6 4. exd5 exd5 5. d4 Bd6 6. Qe2+ Be7 7. Ne5 O-O 8.
Bg5 c6 9. O-O-O b5 10. f3 a5 11. h4 a4 12. g4 b4 13. Nb1 Ba6 14. Qe3 Bxf1 15.
Rhxf1 Ra7 16. Bxf6 Bxf6 17. f4 Be7 18. g5 Bd6 19. f5 f6 20. Ng4 Re7 21. Qf3 Nd7
22. Nd2 Rfe8 23. h5 fxg5 24. h6 Bf4 25. hxg7 Rxg7 26. Nh6+ Kf8 27. Rde1 Nf6 28.
Re6 Rxe6 29. fxe6 Ne4 30. Qg4 Qf6 31. e7+ Rxe7 32. Qc8+ Re8 0-1

[Event "Gorges - Open A"]
[Site "?"]
[Date "2017.07.08"]
[Round "3"]
[White "HENRY, Florent"]
[Black "LE PEN, Steven"]
[Result "1/2-1/2"]
[WhiteElo "1931"]
[BlackElo "2063"]
[PlyCount "117"]
[EventDate "2017.??.??"]

1. e4 c5 2. Nf3 d6 3. d4 cxd4 4. Nxd4 Nf6 5. Nc3 Nc6 6. h3 e5 7. Nde2 Be7 8. g4
O-O 9. Bg2 Be6 10. O-O a6 11. Be3 h6 12. Nd5 Nd7 13. Qd2 Bg5 14. Rad1 Rc8 15.
Bxg5 Qxg5 16. c3 Rfd8 17. f4 exf4 18. Nexf4 Nde5 19. Nb6 Rc7 20. Nxe6 fxe6 21.
Qxg5 hxg5 22. b3 Rf7 23. Rf2 Rxf2 24. Kxf2 Kf7 25. Ke3 Ke7 26. Bf1 Rf8 27. Be2
Na7 28. Rf1 Rh8 29. Rh1 Ng6 30. Bf1 Nc6 31. Kf2 Nce5 32. Kg3 Rf8 33. Bg2 Nf4
34. Re1 Nfd3 35. Re2 Nf4 36. Re3 Kd8 37. Na4 Kc7 38. Nb2 b5 39. Bf1 Nfg6 40.
Be2 Kc6 41. Nd3 Nxd3 42. Bxd3 e5 43. b4 Nh4 44. c4 bxc4 45. Bxc4 a5 46. Bd5+
Kb5 47. bxa5 Kxa5 48. Rb3 Rf1 49. Rb7 Rf3+ 50. Kh2 g6 51. Ra7+ Kb6 52. Rb7+ Kc5
53. Ra7 Re3 54. Ra4 Re2+ 55. Kg1 Rg2+ 56. Kf1 Rg3 57. Rc4+ Kb5 58. a4+ Ka5 59.
Rc6 1/2-1/2

[Event "Gorges - Open A"]
[Site "?"]
[Date "2017.07.08"]
[Round "3"]
[White "REED, John"]
[Black "GRIMAULT, Nathan"]
[Result "0-1"]
[WhiteElo "1893"]
[BlackElo "2055"]
[PlyCount "40"]

1. d4 Nf6 2. c4 g6 3. Nc3 d5 4. Nf3 Bg7 5. e3 O-O 6. cxd5 Nxd5 7. Bc4 Nxc3 8.
bxc3 c5 9. O-O Nc6 10. Ba3 b6 11. Rc1 Qc7 12. Qe2 Rd8 13. Ng5 e6 14. Ne4 Bb7
15. Ba6 Na5 16. Bxb7 Qxb7 17. Nd2 Qc6 18. Ra1 e5 19. dxc5 bxc5 20. Nc4 Qa6 0-1

[Event "Gorges - Open A"]
[Site "?"]
[Date "2017.07.08"]
[Round "3"]
[White "DELAFENETRE, Alexandre"]
[Black "MURIE, Eric"]
[Result "1-0"]
[WhiteElo "1666"]
[BlackElo "2000"]
[PlyCount "57"]

1. d4 Nf6 2. c4 e6 3. Nf3 Bb4+ 4. Nbd2 O-O 5. e3 d6 6. Bd3 c5 7. O-O Nc6 8. Qc2
e5 9. dxe5 dxe5 10. Ne4 Ba5 11. a3 Nxe4 12. Bxe4 Qf6 13. Bxh7+ Kh8 14. Be4 g6
15. Bxc6 bxc6 16. b3 Bc7 17. Bb2 Bg4 18. Qe4 Bf5 19. Bxe5 Bxe4 20. Bxf6+ Kg8
21. Be7 Rfe8 22. Bxc5 Kg7 23. Nd4 Rh8 24. h3 Rh5 25. Bb4 Rb8 26. f3 Bf5 27.
Nxf5+ gxf5 28. Rad1 Rg5 29. Bc3+ 1-0

[Event "Gorges - Open A"]
[Site "?"]
[Date "2017.07.08"]
[Round "3"]
[White "MUNKHBAYAR, Janjaadorj"]
[Black "CLERAN, Anthony"]
[Result "0-1"]
[WhiteElo "1993"]
[BlackElo "1875"]
[PlyCount "74"]

1. d4 d5 2. c4 e5 3. cxd5 Qxd5 4. Nf3 Nc6 5. Nc3 Bb4 6. dxe5 Qxd1+ 7. Kxd1 Bxc3
8. bxc3 Bg4 9. Bf4 O-O-O+ 10. Kc2 Nge7 11. e4 Ng6 12. Be3 Ngxe5 13. Nxe5 Nxe5
14. Bxa7 b6 15. Ba6+ Kd7 16. Bb7 Nc4 17. f3 Be6 18. f4 Na3+ 19. Kb2 Nb5 20.
Bxb6 cxb6 21. Ba6 Kc6 22. Rhd1 Bg4 23. Rd5 Nc7 24. Rg5 Nxa6 25. Rxg4 g6 26. Kc2
Nc5 27. e5 Rd5 28. Rd1 Rxd1 29. Kxd1 Ra8 30. f5 Rxa2 31. e6 fxe6 32. fxg6 hxg6
33. Rxg6 Kd5 34. h4 Kc4 35. Ke1 Kxc3 36. h5 Nd3+ 37. Kf1 Ra1+ 0-1

[Event "Gorges - Open A"]
[Site "?"]
[Date "2017.07.08"]
[Round "3"]
[White "GILLES, François"]
[Black "ENGLISCH, Colya"]
[Result "0-1"]
[WhiteElo "1592"]
[BlackElo "1995"]
[PlyCount "85"]

1. d4 d6 2. Nf3 g6 3. g3 Bg7 4. Bg2 Nf6 5. O-O O-O 6. c4 c5 7. e3 Nc6 8. Nc3
Rb8 9. b3 Bg4 10. Bb2 Nd7 11. Nd5 e6 12. Nf4 e5 13. Ne2 e4 14. Ne1 cxd4 15.
exd4 Nxd4 16. Bxd4 Bxd4 17. Qxd4 Bxe2 18. Qxe4 Bxf1 19. Bxf1 Nf6 20. Qd4 a6 21.
Rd1 Re8 22. Nc2 Ne4 23. Bg2 f5 24. Ne3 Qf6 25. Nd5 Qxd4 26. Rxd4 Kf7 27. Ne3
Rbd8 28. Kf1 b5 29. cxb5 axb5 30. Nd5 Rc8 31. Ne3 Rc1+ 32. Ke2 Ra1 33. Bxe4
Rxa2+ 34. Kf1 Rxe4 35. Rxd6 Rb4 36. Rd7+ Ke6 37. Rxh7 Rxb3 38. Rg7 Kf6 39. Rd7
Rbb2 40. Kg1 Rxf2 41. g4 Rxh2 42. gxf5 gxf5 43. Kf1 0-1

[Event "Gorges - Open A"]
[Site "?"]
[Date "2017.07.08"]
[Round "3"]
[White "BLANLOEIL, Christophe"]
[Black "ALASHTAR, Aasef"]
[Result "1-0"]
[WhiteElo "1722"]
[BlackElo "1931"]
[PlyCount "30"]
[EventDate "2017.??.??"]

1. g4 h5 2. gxh5 Nf6 3. Bg2 d5 4. d4 Bg4 5. c4 c6 6. Qb3 dxc4 7. Qxb7 Nbd7 8.
Bxc6 Rb8 9. Qxa7 e6 10. e4 Bb4+ 11. Nc3 Bxh5 12. e5 Kf8 13. exf6 Ne5 14. fxg7+
Kxg7 15. Qa4 Qxd4 1-0

[Event "Gorges - Open A"]
[Site "?"]
[Date "2017.07.08"]
[Round "3"]
[White "CAMUS, Harold"]
[Black "BANANA, Adnane"]
[Result "0-1"]
[WhiteElo "1680"]
[BlackElo "1866"]
[PlyCount "76"]

1. e4 c5 2. Nf3 d6 3. d4 cxd4 4. Nxd4 Nf6 5. Nc3 a6 6. a4 e5 7. Nb3 Be6 8. Bg5
Nbd7 9. Nd5 Bxd5 10. exd5 g6 11. Bd3 Qc7 12. c4 Bg7 13. O-O O-O 14. Qc2 Rac8
15. Rac1 Qb8 16. a5 Qa7 17. Qb1 Rfe8 18. Be3 Qb8 19. f4 Ng4 20. Bf2 exf4 21. h3
Nxf2 22. Rxf2 Qa7 23. Kf1 Be5 24. Re1 Nf6 25. Nd2 Nh5 26. Ne4 Bd4 27. Rf3 f5
28. Nxd6 Bg1 29. Nxf5 gxf5 30. g4 Bh2 31. Kg2 Bg3 32. Bxf5 Rxe1 33. Bxh7+ Kh8
34. Qxe1 Bxe1 35. Bf5 Rg8 36. Kf1 Ng3+ 37. Kxe1 Nxf5 38. gxf5 Rg3 0-1

[Event "Gorges - Open A"]
[Site "?"]
[Date "2017.07.09"]
[Round "4"]
[White "CROUAN, Stéphane"]
[Black "EUGENE, Floryan"]
[Result "1/2-1/2"]
[WhiteElo "2172"]
[BlackElo "2193"]
[PlyCount "37"]

1. e4 e5 2. Nf3 Nc6 3. Bb5 a6 4. Ba4 Nf6 5. O-O Be7 6. Re1 b5 7. Bb3 O-O 8. a4
Rb8 9. c3 d6 10. h3 Na5 11. Bc2 c5 12. d4 Nd7 13. Nbd2 exd4 14. cxd4 Nc6 15.
axb5 axb5 16. Nf1 cxd4 17. Nxd4 Nxd4 18. Qxd4 Ne5 19. Ne3 1/2-1/2

[Event "Gorges - Open A"]
[Site "?"]
[Date "2017.07.09"]
[Round "4"]
[White "FLACHET, Thierry"]
[Black "CLERAN, Anthony"]
[Result "0-1"]
[WhiteElo "2128"]
[BlackElo "1875"]
[PlyCount "98"]

1. Nf3 d5 2. d4 e6 3. c4 dxc4 4. g3 a6 5. Bg2 Nd7 6. O-O Rb8 7. e4 b5 8. Bf4
Bd6 9. e5 Bb4 10. d5 exd5 11. Nd4 Bb7 12. e6 Ndf6 13. Nc3 Ne7 14. exf7+ Kxf7
15. Re1 Bc8 16. Qe2 Rb6 17. a3 Bxc3 18. bxc3 Re8 19. Qd2 Kg8 20. Rad1 c5 21.
Nc2 Re6 22. Ne3 d4 23. cxd4 cxd4 24. Qxd4 Qxd4 25. Rxd4 Nf5 26. Rdd1 Nxe3 27.
Bxe3 R6e7 28. h3 Bb7 29. Rd6 Bxg2 30. Kxg2 Re6 31. Red1 Kf7 32. Kf3 Rxd6 33.
Rxd6 Re6 34. Rd8 Rc6 35. g4 Ke7 36. Rb8 c3 37. g5 Nd7 38. Rg8 Kf7 39. Rd8 Ne5+
40. Ke4 Nc4 41. Bc1 Re6+ 42. Kd3 Re1 43. Kc2 Re2+ 44. Kxc3 Rxf2 45. Rd7+ Kg6
46. h4 Rf3+ 47. Kb4 Rf1 48. Bd2 Rd1 49. Kc3 Rxd2 0-1